<?xml version="1.0" encoding="UTF-8"?>
<record
    xmlns:xsi="http://www.w3.org/2001/XMLSchema-instance"
    xsi:schemaLocation="http://www.loc.gov/MARC21/slim http://www.loc.gov/standards/marcxml/schema/MARC21slim.xsd"
    xmlns="http://www.loc.gov/MARC21/slim">

  <leader>00321nam a2200121Ia 4500</leader>
  <controlfield tag="008">150731s2014    xx            000 0 und d</controlfield>
  <datafield tag="082" ind1=" " ind2=" ">
    <subfield code="a">617</subfield>
    <subfield code="b">O 14 B</subfield>
  </datafield>
  <datafield tag="100" ind1=" " ind2=" ">
    <subfield code="a">BHALLA, PRAMILA.</subfield>
  </datafield>
  <datafield tag="245" ind1=" " ind2=" ">
    <subfield code="a">TEXTBOOK FOR OPERATION ROOM TEEHRICIONS</subfield>
  </datafield>
  <datafield tag="260" ind1=" " ind2=" ">
    <subfield code="b">AHUJA PUBLISHING HOUSE DELHI</subfield>
    <subfield code="c">2014</subfield>
  </datafield>
  <datafield tag="300" ind1=" " ind2=" ">
    <subfield code="a">338</subfield>
  </datafield>
  <datafield tag="942" ind1=" " ind2=" ">
    <subfield code="2">ddc</subfield>
    <subfield code="c">BK</subfield>
    <subfield code="0">1</subfield>
  </datafield>
  <datafield tag="952" ind1=" " ind2=" ">
    <subfield code="0">0</subfield>
    <subfield code="1">0</subfield>
    <subfield code="2">ddc</subfield>
    <subfield code="4">0</subfield>
    <subfield code="7">0</subfield>
    <subfield code="8">FA</subfield>
    <subfield code="a">APL</subfield>
    <subfield code="b">APL</subfield>
    <subfield code="d">2015-09-14</subfield>
    <subfield code="e">ABC DELHI</subfield>
    <subfield code="g">325.00</subfield>
    <subfield code="i">SGTU</subfield>
    <subfield code="l">0</subfield>
    <subfield code="o">617 O 14 B</subfield>
    <subfield code="p">FA2301</subfield>
    <subfield code="r">2015-09-14 00:00:00</subfield>
    <subfield code="w">2015-03-31</subfield>
    <subfield code="y">BK</subfield>
    <subfield code="k">5567</subfield>
  </datafield>
  <datafield tag="952" ind1=" " ind2=" ">
    <subfield code="0">0</subfield>
    <subfield code="1">0</subfield>
    <subfield code="2">ddc</subfield>
    <subfield code="4">0</subfield>
    <subfield code="7">0</subfield>
    <subfield code="8">FA</subfield>
    <subfield code="a">APL</subfield>
    <subfield code="b">APL</subfield>
    <subfield code="d">2015-09-14</subfield>
    <subfield code="e">ABC DELHI</subfield>
    <subfield code="g">325.00</subfield>
    <subfield code="i">SGTU</subfield>
    <subfield code="l">1</subfield>
    <subfield code="o">617 O 14 B</subfield>
    <subfield code="p">FA2302</subfield>
    <subfield code="r">2024-04-24 00:00:00</subfield>
    <subfield code="s">2024-02-24</subfield>
    <subfield code="w">2015-03-31</subfield>
    <subfield code="y">BK</subfield>
    <subfield code="k">5567</subfield>
  </datafield>
  <datafield tag="952" ind1=" " ind2=" ">
    <subfield code="0">0</subfield>
    <subfield code="1">0</subfield>
    <subfield code="2">ddc</subfield>
    <subfield code="4">0</subfield>
    <subfield code="7">0</subfield>
    <subfield code="8">FA</subfield>
    <subfield code="a">APL</subfield>
    <subfield code="b">APL</subfield>
    <subfield code="d">2015-09-14</subfield>
    <subfield code="e">ABC DELHI</subfield>
    <subfield code="g">325.00</subfield>
    <subfield code="i">SGTU</subfield>
    <subfield code="l">1</subfield>
    <subfield code="o">617 O 14 B</subfield>
    <subfield code="p">FA2303</subfield>
    <subfield code="r">2019-09-30 00:00:00</subfield>
    <subfield code="s">2019-09-13</subfield>
    <subfield code="w">2015-03-31</subfield>
    <subfield code="y">BK</subfield>
    <subfield code="k">5567</subfield>
  </datafield>
  <datafield tag="952" ind1=" " ind2=" ">
    <subfield code="0">0</subfield>
    <subfield code="1">0</subfield>
    <subfield code="2">ddc</subfield>
    <subfield code="4">0</subfield>
    <subfield code="7">0</subfield>
    <subfield code="8">FA</subfield>
    <subfield code="a">APL</subfield>
    <subfield code="b">APL</subfield>
    <subfield code="d">2015-09-14</subfield>
    <subfield code="e">ABC DELHI</subfield>
    <subfield code="g">325.00</subfield>
    <subfield code="i">SGTU</subfield>
    <subfield code="l">0</subfield>
    <subfield code="o">617 O 14 B</subfield>
    <subfield code="p">FA2304</subfield>
    <subfield code="r">2015-09-14 00:00:00</subfield>
    <subfield code="w">2015-03-31</subfield>
    <subfield code="y">BK</subfield>
    <subfield code="k">5567</subfield>
  </datafield>
  <datafield tag="952" ind1=" " ind2=" ">
    <subfield code="0">0</subfield>
    <subfield code="1">0</subfield>
    <subfield code="2">ddc</subfield>
    <subfield code="4">0</subfield>
    <subfield code="7">0</subfield>
    <subfield code="8">FA</subfield>
    <subfield code="a">APL</subfield>
    <subfield code="b">APL</subfield>
    <subfield code="d">2015-09-14</subfield>
    <subfield code="e">ABC DELHI</subfield>
    <subfield code="g">325.00</subfield>
    <subfield code="i">SGTU</subfield>
    <subfield code="l">0</subfield>
    <subfield code="o">617 O 14 B</subfield>
    <subfield code="p">FA2305</subfield>
    <subfield code="r">2015-09-14 00:00:00</subfield>
    <subfield code="w">2015-03-31</subfield>
    <subfield code="y">BK</subfield>
    <subfield code="k">5567</subfield>
  </datafield>
  <datafield tag="999" ind1=" " ind2=" ">
    <subfield code="c">7957</subfield>
    <subfield code="d">7957</subfield>
  </datafield>
</record>
